Developing database with access

Wedi'i Gadw mewn:
Manylion Llyfryddiaeth
Prif Awdur: Summers, Graeme
Fformat: Llyfr
Iaith:Undetermined
Cyhoeddwyd: Australia Thomson 2004
Pynciau:
Tagiau: Ychwanegu Tag
Dim Tagiau, Byddwch y cyntaf i dagio'r cofnod hwn!
Thư viện lưu trữ: Trung tâm Học liệu Trường Đại học Cần Thơ
LEADER 00526nam a2200193Ia 4500
001 CTU_100582
008 210402s9999 xx 000 0 und d
020 |c 323000 
082 |a 005.7565 
082 |b S955 
100 |a Summers, Graeme 
245 0 |a Developing database with access 
245 0 |c Graeme Summers 
260 |a Australia 
260 |b Thomson 
260 |c 2004 
650 |a Microsoft access (computer file),Database management 
904 |i Truc 
980 |a Trung tâm Học liệu Trường Đại học Cần Thơ